عرض عادي
عرض مارك
- Poetry
مدخل مصطلح موضوعي
001 - رقم الضبط
- حقل الضبط: 37592
003 - معرف رقم الضبط
- حقل الضبط: OSt
005 - تاريخ ووقت أخر عملية
- حقل الضبط: 20131010165931.0
008 - عناصر بيانات ثابتة الطول
- حقل تحكم ثابت الطول: 131010|||a|||||| | ||| d
040 ## - مصدر الفهرسة
- هيئة الفهرسة الأصلية: OSt
- وكالة الكتابة: OSt
150 ## - مدخل-- مصطلح تاريخي
- عنصر مدخل المصطلح الموضوعي او الاسم الجغرافي: Poetry
- تفريع عام: Authorship.
670 ## - بيانات المصدر موجوده
- الاستشهاد بالمصدر: Work cat.: (OSt)0: Verdonk, Peter, 1935- 37591, The stylistics of poetry :
